Asian drama; an inquiry into the poverty of nations (Record no. 220037)

000 -LEADER
fixed length control field 00635cam a22002051i 4500
003 - CONTROL NUMBER IDENTIFIER
control field Nust
005 - DATE AND TIME OF LATEST TRANSACTION
control field 20170216102422.0
008 - FIXED-LENGTH DATA ELEMENTS--GENERAL INFORMATION
fixed length control field 170216b xxu||||| |||| 00| 0 eng d
020 ## - INTERNATIONAL STANDARD BOOK NUMBER
International Standard Book Number 0394470869
040 ## - CATALOGING SOURCE
Transcribing agency Nust-MCE
082 ## - DEWEY DECIMAL CLASSIFICATION NUMBER
Classification number 330.954/04
Author Mark MYR
-- MCE, L-27, p-75
100 1# - MAIN ENTRY--PERSONAL NAME
Personal name Myrdal, Gunnar,
245 10 - TITLE STATEMENT
Title Asian drama; an inquiry into the poverty of nations
Statement of responsibility, etc. [by] Gunnar Myrdal. An abridgment by Seth S. King of the Twentieth Century Fund study.
250 ## - EDITION STATEMENT
Edition statement [1st ed.].
260 ## - PUBLICATION, DISTRIBUTION, ETC.
Place of publication, distribution, etc. New York,
Name of publisher, distributor, etc. Pantheon Books
Date of publication, distribution, etc. [1972, c1971]
300 ## - PHYSICAL DESCRIPTION
Extent xi, 464 p.
Other physical details map.
Dimensions 22 cm.
650 ## - SUBJECT ADDED ENTRY--TOPICAL TERM
Topical term or geographic name entry element MCE
700 1# - ADDED ENTRY--PERSONAL NAME
Personal name King, Seth S.
942 ## - ADDED ENTRY ELEMENTS (KOHA)
Koha item type Book
Holdings
Withdrawn status Lost status Source of classification or shelving scheme Damaged status Not for loan Collection code Permanent Location Current Location Shelving location Date acquired Source of acquisition Total Checkouts Full call number Barcode Date last seen Price effective from Koha item type
            Central Library (CL) Central Library (CL) Book Cart 12/29/2018 Donation   330.95 MYR CL-D-217 12/29/2018 12/29/2018 Book
© 2023 Central Library, National University of Sciences and Technology. All Rights Reserved.